000 00586nam a2200181Ia 4500
008 090630s9999 xx 000 0 und d
082 _b13202
100 _aप्रा. बोधे व. बा.
245 _aचिंगळी.
_cप्रा. बोधे व. बा.
260 _bकृष्णा - पुणे.
_c1994
300 _a147
600 _aप्रा. बोधे व. बा.
630 _aचिंगळी.
655 _aकादंबरी.
700 _aप्रा. बोधे व. बा.
730 _aचिंगळी.
942 _cBOOK
999 _c265058
_d265058